On Partitioned Matrices (Record no. 33913)
[ view plain ]
| 000 -LEADER | |
|---|---|
| fixed length control field | 00688nam a22001937a 4500 |
| 003 - CONTROL NUMBER IDENTIFIER | |
| control field | JO-AjAnu |
| 005 - DATE AND TIME OF LATEST TRANSACTION | |
| control field | 20250323104100.0 |
| 008 - FIXED-LENGTH DATA ELEMENTS--GENERAL INFORMATION | |
| fixed length control field | 250318b jo ||||| |||| 00| 0 ara d |
| 040 ## - CATALOGING SOURCE | |
| Transcribing agency | JO-AjAnu |
| 041 ## - LANGUAGE CODE | |
| Language code of original | ara |
| 100 ## - MAIN ENTRY--PERSONAL NAME | |
| Personal name | Zakaria Osama L'ayadeh |
| Relator term | Prepared |
| 9 (RLIN) | 66538 |
| 245 ## - TITLE STATEMENT | |
| Title | On Partitioned Matrices |
| Remainder of title | / Prepared Zakaria Osama L'ayadeh ; Supervisor Mohammad Al-Hawari |
| 260 ## - PUBLICATION, DISTRIBUTION, ETC. | |
| Date of publication, distribution, etc. | 2025 |
| 300 ## - PHYSICAL DESCRIPTION | |
| Extent | 54 pages |
| 500 ## - GENERAL NOTE | |
| General note | University Thesis (Master's Thesis in Mathematics) / Ajloun National University (Jordan-Ajloun), College of Business, Department of Mathematics, 2025 |
| 650 ## - SUBJECT ADDED ENTRY--TOPICAL TERM | |
| Form subdivision | Matrices |
| 700 ## - ADDED ENTRY--PERSONAL NAME | |
| Personal name | Mohammad Al-Hawari |
| Relator term | Supervisor |
| 9 (RLIN) | 66539 |
| 942 ## - ADDED ENTRY ELEMENTS (KOHA) | |
| Source of classification or shelving scheme | Library of Congress Classification |
| Koha item type | Thesis |
| Suppress in OPAC | No |
| Withdrawn status | Lost status | Source of classification or shelving scheme | Damaged status | Not for loan | Home library | Current library | Date acquired | Total Checkouts | Full call number | Barcode | Date last seen | Price effective from | Koha item type |
|---|---|---|---|---|---|---|---|---|---|---|---|---|---|
| Library of Congress Classification | مكتبة جامعة عجلون الوطنية | مكتبة جامعة عجلون الوطنية | 18/03/2025 | QA433.2025 | E4040 | 18/03/2025 | 18/03/2025 | Thesis | |||||
| Library of Congress Classification | مكتبة جامعة عجلون الوطنية | مكتبة جامعة عجلون الوطنية | 18/03/2025 | QA433.2025 | E4039 | 18/03/2025 | 18/03/2025 | Thesis |